Ermeni amal ve harekat-ı ihtilaliyyesi tesavir ve vesaik =Die ziele und taten armenischer revolutionare=The Armenian aspirations and revolutionary movements=Aspirations et mouvements revolutionnaires armenians (Kayıt no. 1796)

MARC ayrıntıları
000 -BAŞLIK
Sabit Uzunlukta Kontrol Alanı 01217na a2200265 4500
001 - KONTROL NUMARASI
Denetim Alanı 15353
003 - KONTROL NUMARASI IDENTIFIER
Denetim Alanı MIRAKIL
005 - SON İŞLEM TARİHİ VE ZAMANI
Denetim Alanı 20181213154835.0
008 - SABİT-BOY VERİ ELEMANLARI - GENEL BİLGİLER
Sabit Uzunlukta Kontrol Alanı 161019b tu 000 0
040 ## - KATALOGLAMA KAYNAK
Orijinal Kataloglama Ajansı Milas
Kataloglama Dili tur
Metne Dönüştürmek Ajansı TR-AnCHP
041 ## - DİL KODU
Metin / Ses Parça Veya Ayrı Başlığın Dil Kodu tur
-- eng
-- ger
082 ## - DEWEY ONLU SINIFLANDIRMA NUMARASI
Sınıflandırma Numarası 956.1015
Ürün Numarası E65 [t.y.]
090 ## - SINIFLAMA NUMARASI
Sınıflama Numarası 956.1015 E65 [t.y.]
245 ## - BAŞLIK TABLOSU
Başlık Ermeni amal ve harekat-ı ihtilaliyyesi tesavir ve vesaik =Die ziele und taten armenischer revolutionare=The Armenian aspirations and revolutionary movements=Aspirations et mouvements revolutionnaires armenians
Sorumluluk Tablosu, Vb Dışişleri Bakanlığı Stratejik Araştırmalar Merkezi
260 ## - YAYIN, DAĞITIM, VB
Yayın, Dağıtım, Vb Yeri Ankara
Yayıncı, Dağıtıcı, Vs Adı Ankara Matbaacılar Ciltçiler ve Sanatkarlar Odası
Yayın, Dağıtım, Vb Tarihi [t.y]
300 ## - FİZİKSEL TANIM
Kapsam viii, 64 s.
Diğer Fiziksel Ayrıntıları res.; fotğ.; hrt.
Boyutlar 24 sm.
490 ## - SERİSİ TABLOSU
Seri Beyanı Ankara Matbaacılar Ciltçiler ve Sanatkarlar Odası Eğitim ve Kültür yayınları
Hacim / Ardışık Tanımı 5
500 ## - GENEL NOT
Genel Not Yapıt Türkçe, Almanca, İngilizce ve Fransızca karşılıklıdır.
650 ## - KONU KATMA GİRİŞ - TOPİKAL DÖNEM
Topikal Süreli Veya Coğrafi Ad Giriş Elemanı Ermeniler
Genel Alt Bölümü Etnik kimlik
Kronolojik Alt Bölümü Türkiye
650 ## - KONU KATMA GİRİŞ - TOPİKAL DÖNEM
Topikal Süreli Veya Coğrafi Ad Giriş Elemanı Ermeni sorunu
Genel Alt Bölümü Osmanlı İmparatorluğu
Kronolojik Alt Bölümü Tarih
650 ## - KONU KATMA GİRİŞ - TOPİKAL DÖNEM
Topikal Süreli Veya Coğrafi Ad Giriş Elemanı Osmanlı İmparatorluğu
Genel Alt Bölümü Azınlıklar
Kronolojik Alt Bölümü Ermeniler
650 ## - KONU KATMA GİRİŞ - TOPİKAL DÖNEM
Topikal Süreli Veya Coğrafi Ad Giriş Elemanı Osmanlı İmparatorluğu
Genel Alt Bölümü Tarih
650 ## - KONU KATMA GİRİŞ - TOPİKAL DÖNEM
Topikal Süreli Veya Coğrafi Ad Giriş Elemanı Ermeniler
Genel Alt Bölümü Tarih
942 ## - EKLENDİ GİRİŞ ELEMANLARI (KOHA)
Sınıflandırma Veya Raf Düzeni Kaynak Dewey Decimal Classification
Koha Öğesi Türü Kitaplar
999 ## - SİSTEM KONTROL NUMARALARI (KOHA)
Koha Biblionumber 1796
Koha Biblioitemnumber 1796
Mevcut
Kalıcı Konum Mevcut Konum Edinme Tarihi Edinim Kaynak Toplam Check-Out'Lar Tam Çağrı Numarası Barkod Tarih Son Görülme İtibaren Geçerli Fiyatlar Koha Öğesi Türü
CHP Kütüphanesi CHP Kütüphanesi 09/08/2016 Bağış   956.1015 E65 [t.y.] 005048 09/08/2016 09/08/2016 Kitaplar